000 00819nam a2200217 i 4500
001 75195
003 ES-MaACL
005 20240408135930.0
007 t|
008 040923s1966 sp ||||1| spa d
100 1 _aGracián de la Madre de Dios, Jerónimo.
_959486
245 1 0 _aPeregrinación de Anastasio /
_cJerónimo Gracián de la Madre de Dios ; introducción, edición y notas de Giovanni María Bertini.
260 _aBarcelona :
_bJuan Flors,
_c1966.
300 _aVIII, 286 p. ;
_c18 cm.
490 1 _aEspirituales españoles. Serie A. Textos ;
_v18
600 1 4 _aGracián de la Madre de Dios, Jerónimo.
_959486
700 0 _aBertini, Giovanni María,
_d1900-1995
_928473
830 1 _aEspirituales españoles. Serie A. Textos ;
_v18
_9183485
852 _aES-MaACL
_jC-29513
999 _c75195
_d75195